000 00424nam a22001217a 4500
082 _a200 THE
100 _a Samar Sabeen
_972693
245 _aTH-SOF-0827-IMPLEMENTATION OF COMPUTER INTEGRATED MANUFACTURING ANALYSIS OF SMALL AND MEDIUM ENTERPROSES SME IN PAKISTAN
260 _aISLAMABAD
_bNUST COLLEGE OF EME
_c2013
650 _aMS-EM-6 MSTHESIS
_970416
700 _aSUPERVISOR Dr. Akthar Nawaz Malik
_972694
942 _cCF
999 _c578691
_d578691